<?xml version="1.0" encoding="UTF-8"?>
<record
    xmlns:xsi="http://www.w3.org/2001/XMLSchema-instance"
    xsi:schemaLocation="http://www.loc.gov/MARC21/slim http://www.loc.gov/standards/marcxml/schema/MARC21slim.xsd"
    xmlns="http://www.loc.gov/MARC21/slim">

  <leader>02367njm a2200421Ia 4500</leader>
  <controlfield tag="001">40106</controlfield>
  <controlfield tag="003">IT-RoPAU</controlfield>
  <controlfield tag="005">20220918181121.0</controlfield>
  <controlfield tag="008">131025s9999    xx            000 0 und d</controlfield>
  <datafield tag="040" ind1=" " ind2=" ">
    <subfield code="a">IT-RoPAU</subfield>
  </datafield>
  <datafield tag="040" ind1=" " ind2=" ">
    <subfield code="c">IT-RoPAU</subfield>
  </datafield>
  <datafield tag="999" ind1=" " ind2=" ">
    <subfield code="c">99820</subfield>
    <subfield code="d">99820</subfield>
  </datafield>
  <datafield tag="999" ind1=" " ind2=" ">
    <subfield code="b">n.d.</subfield>
  </datafield>
  <datafield tag="100" ind1=" " ind2=" ">
    <subfield code="a">AA.VV.</subfield>
    <subfield code="9">794</subfield>
  </datafield>
  <datafield tag="100" ind1=" " ind2=" ">
    <subfield code="e">Autore musica</subfield>
    <subfield code="9">20788</subfield>
  </datafield>
  <datafield tag="100" ind1=" " ind2=" ">
    <subfield code="g">Codice autore musica SPICS: 12000</subfield>
    <subfield code="9">796</subfield>
  </datafield>
  <datafield tag="245" ind1=" " ind2=" ">
    <subfield code="a">All'aria aperta-Musiche caratteristiche campagnole</subfield>
  </datafield>
  <datafield tag="250" ind1=" " ind2=" ">
    <subfield code="a">1a ed.</subfield>
  </datafield>
  <datafield tag="260" ind1=" " ind2=" ">
    <subfield code="a">ALBANO</subfield>
  </datafield>
  <datafield tag="260" ind1=" " ind2=" ">
    <subfield code="b">EP - MUSICALI E DISCOGRAFICHE</subfield>
  </datafield>
  <datafield tag="300" ind1=" " ind2=" ">
    <subfield code="a">DISCO</subfield>
  </datafield>
  <datafield tag="500" ind1=" " ind2=" ">
    <subfield code="a">Musica folk. Questo disco presenta una selezione di brani di musica caratteristica eseguiti da tre noti complessi: I Solisti diretti dal Maestro Elvio Monti; il Complesso Sud Americano Manzanilla e quello diretto dal noto solista di fisarmonica Williams Assandri. Si tratta di musica per tutte le et&#xE0;</subfield>
  </datafield>
  <datafield tag="505" ind1=" " ind2=" ">
    <subfield code="a">Acquarello abruzzese - La cuccagna - Bucaneve - Pierrot - La bella montanina - Nubi rosa - La corrida - Festa siciliana - Il campanello - Otto volante - Vento di primavera - Che ridere! - Venditrice di fiori - Ciudad real</subfield>
  </datafield>
  <datafield tag="511" ind1=" " ind2=" ">
    <subfield code="a">Complesso Elvio Monti</subfield>
  </datafield>
  <datafield tag="511" ind1=" " ind2=" ">
    <subfield code="a">Complesso Manzanilla</subfield>
  </datafield>
  <datafield tag="511" ind1=" " ind2=" ">
    <subfield code="a">Complesso W. Assandri</subfield>
  </datafield>
  <datafield tag="650" ind1=" " ind2=" ">
    <subfield code="a">FOLK [DISCHI]</subfield>
    <subfield code="e">Codice MATERIA SPICS: 9950</subfield>
    <subfield code="9">1209</subfield>
  </datafield>
  <datafield tag="700" ind1=" " ind2=" ">
    <subfield code="a">Raspanti M.</subfield>
    <subfield code="d">Codice autore musica SPICS: 14383</subfield>
    <subfield code="e">Autore musica</subfield>
    <subfield code="p">Acquarello abruzzese</subfield>
    <subfield code="9">20789</subfield>
  </datafield>
  <datafield tag="700" ind1=" " ind2=" ">
    <subfield code="a">Ferrini C.</subfield>
    <subfield code="d">Codice autore musica SPICS: 28294</subfield>
    <subfield code="e">Autore musica</subfield>
    <subfield code="p">La cuccagna - Otto volante</subfield>
    <subfield code="9">20790</subfield>
  </datafield>
  <datafield tag="700" ind1=" " ind2=" ">
    <subfield code="a">Zauli F.</subfield>
    <subfield code="d">Codice autore musica SPICS: 24146</subfield>
    <subfield code="e">Autore musica</subfield>
    <subfield code="p">Bucaneve</subfield>
    <subfield code="9">20791</subfield>
  </datafield>
  <datafield tag="700" ind1=" " ind2=" ">
    <subfield code="a">Buccheri G.U.</subfield>
    <subfield code="d">Codice autore musica SPICS: 28568</subfield>
    <subfield code="e">Autore musica</subfield>
    <subfield code="p">Pierrot - Festa siciliana</subfield>
    <subfield code="9">20792</subfield>
  </datafield>
  <datafield tag="700" ind1=" " ind2=" ">
    <subfield code="a">De Simone D.</subfield>
    <subfield code="d">Codice autore musica SPICS: 24145</subfield>
    <subfield code="e">Autore musica</subfield>
    <subfield code="p">La bella montanina - Venditrice di fiori</subfield>
    <subfield code="9">20793</subfield>
  </datafield>
  <datafield tag="700" ind1=" " ind2=" ">
    <subfield code="a">Assandri William</subfield>
    <subfield code="d">Codice autore musica SPICS: 7858</subfield>
    <subfield code="e">Autore musica</subfield>
    <subfield code="p">Nubi rosa - Il campanello</subfield>
    <subfield code="9">20794</subfield>
  </datafield>
  <datafield tag="700" ind1=" " ind2=" ">
    <subfield code="a">Pelleus</subfield>
    <subfield code="d">Codice autore musica SPICS: 24144</subfield>
    <subfield code="e">Autore musica</subfield>
    <subfield code="p">La corrida</subfield>
    <subfield code="9">20795</subfield>
  </datafield>
  <datafield tag="700" ind1=" " ind2=" ">
    <subfield code="a">Stecchetti L.</subfield>
    <subfield code="d">Codice autore musica SPICS: 13474</subfield>
    <subfield code="e">Autore musica</subfield>
    <subfield code="p">Vento di primavera</subfield>
    <subfield code="9">20796</subfield>
  </datafield>
  <datafield tag="700" ind1=" " ind2=" ">
    <subfield code="a">Ghinassi P.</subfield>
    <subfield code="d">Codice autore musica SPICS: 28569</subfield>
    <subfield code="e">Autore musica</subfield>
    <subfield code="p">Che ridere!</subfield>
    <subfield code="9">20797</subfield>
  </datafield>
  <datafield tag="700" ind1=" " ind2=" ">
    <subfield code="a">Cafer T.</subfield>
    <subfield code="d">Codice autore musica SPICS: 28570</subfield>
    <subfield code="e">Autore musica</subfield>
    <subfield code="p">Ciudad real</subfield>
    <subfield code="9">20798</subfield>
  </datafield>
  <datafield tag="942" ind1=" " ind2=" ">
    <subfield code="c">MD</subfield>
    <subfield code="2">ddc</subfield>
  </datafield>
  <datafield tag="952" ind1=" " ind2=" ">
    <subfield code="0">0</subfield>
    <subfield code="1">0</subfield>
    <subfield code="4">0</subfield>
    <subfield code="6">40106_000000000000000</subfield>
    <subfield code="7">1</subfield>
    <subfield code="a">SPICS</subfield>
    <subfield code="b">SPICS</subfield>
    <subfield code="d">2013-10-25</subfield>
    <subfield code="l">0</subfield>
    <subfield code="o">40106</subfield>
    <subfield code="r">2013-10-25 00:00:00</subfield>
    <subfield code="w">2013-10-25</subfield>
    <subfield code="y">MD</subfield>
    <subfield code="z">Progr. Ins.: 13918 / N.Vol.: 1 / Copie: 1 - Copia rara: n.d. / date import: 01.01.2014 - By Epidotti, Trombetti, Vaglietti</subfield>
  </datafield>
</record>
